000
00451nam a2200169Ia 4500
008
090711s9999 xx 000 0 und d
082
_b
35613
100
_a
गवाणकर गंगाराम
245
_a
दोघी
260
_c
1976
300
_a
70
600
_a
गवाणकर गंगाराम
630
_a
दोघी
700
_a
गवाणकर गंगाराम
730
_a
दोघी
942
_c
BOOK
999
_c
306112
_d
306112